000 00520nam a22001697a 4500
003 BD-ChCU
005 20251118095013.0
008 251118b bg ||||| |||| 00| 0 ben d
040 _cBD-ChCU
082 _a523.01 SPE
100 _aG.H. Herbig
_916323
245 _aSpectroscopic astrophysics :
_ban assessment of the contributions of otto struve , ed./
_cHerbig , G.H.
260 _aLondon :
_bUniversity of California press ,
_cC 1970
300 _aix, 462p
650 0 _aAstrophysics.
_916325
942 _2ddc
_cBK
_n0
999 _c109535
_d109535